La ética de Platón /

Bibliographic Details
Main Author: Irwin, Terence (Author)
Other Authors: Agurto Gonzáles, Carlos Antonio (Editor), Quequejana Mamani, Sonia Lidia (Editor), Choque Cuenca, Benigno (Editor), Stellino, Ana Isabel (Translator)
Format: Electronic eBook
Language:Spanish
English
Published: Santiago de Chile : Ediciones Olejnik, [2024]
Series:Biblioteca de filosofía del derecho.
Subjects:
Online Access:Digitalia Hispánica

MARC

LEADER 00000nam a2200000 i 4500
001 DIGOLEJNK1501
003 NyNyDIG
007 cr |||||||||||
008 250410s2024 cl ob 000 0 spa d
006 m o d
035 |a (OCoLC)1514492196 
040 |a DGITA  |b eng  |e rda  |e pn  |c DGITA 
020 |z 9789564075129 
041 1 |a spa  |h eng 
050 1 4 |a B398.E8 ebook 
100 1 |a Irwin, Terence,  |e author. 
240 1 0 |a Plato's ethics.  |l Spanish  |s (Stellino) 
245 1 3 |a La ética de Platón /  |c Terence Irwin ; edición al cuidado de Carlos Antonio Agurto Gonzáles, Sonia Lidia Quequejana Mamani, Benigno Choque Cuenca ; traducción de Ana Isabel Stellino. 
246 3 |a Lógica de Platón 
264 1 |a Santiago de Chile :  |b Ediciones Olejnik,  |c [2024] 
300 |a 1 online resource. 
336 |a text  |b txt  |2 rdacontent 
337 |a computer  |b c  |2 rdamedia 
338 |a online resource  |b cr  |2 rdacarrier 
347 |a text file  |2 rdaft 
347 |b PDF 
490 1 |a Biblioteca de filosofía del derecho 
504 |a Includes bibliographical references. 
588 0 |a Online resource; title from PDF title page (Digitalia, viewed April 10, 2025) 
600 0 0 |a Plato  |x Ethics. 
700 1 |a Agurto Gonzáles, Carlos Antonio,  |e editor. 
700 1 |a Quequejana Mamani, Sonia Lidia,  |e editor. 
700 1 |a Choque Cuenca, Benigno,  |e editor. 
700 1 |a Stellino, Ana Isabel,  |e translator. 
700 1 |i Translation of:  |a Irwin, Terence.  |t Plato's ethics. 
791 2 |a Digitalia (Firm),  |e distributor. 
793 0 |g Digitalia eBook Collection:  |a Ediciones Olejnik 
776 0 8 |i Print version:  |a Irwin, Terence.  |s Plato's ethics. Spanish (Stellino).  |t Ética de Platón.  |b Primera Edición en Ediciones Olejnik.  |d Santiago de Chile : Ediciones Olejnik, [2024]  |z 9789564075129 
830 0 |a Biblioteca de filosofía del derecho. 
856 4 0 |3 Digitalia Hispánica  |u https://www.digitaliapublishing.com/a/158020/ 
910 |a Premium collection: 2025